UK Eurovision Songs - Statistics

General Stats
  • This quiz has been taken 190 times
    25 since last reset
  • The average score is 34 of 69
Answer Stats
Year Performer Song % Correct
2022 Sam Ryder Space Man
94%
1996 Gina G Ooh Aah... Just a Little Bit
82%
1967 Sandie Shaw Puppet on a String
82%
1968 Cliff Richard Congratulations
76%
1997 Katrina and the Waves Love Shine a Light
76%
1981 Bucks Fizz Making Your Mind Up
76%
2025 Remember Monday What the Hell Just Happened?
76%
2026 Look Mum No Computer Eins, Zwei, Drei
71%
1993 Sonia Better the Devil You Know
65%
1969 Lulu Boom Bang-a-Bang
65%
2014 Molly Children of the Universe
65%
2021 James Newman Embers
65%
2011 Blue I Can
65%
2023 Mae Muller I Wrote A Song
65%
1977 Lynsey de Paul & Mike Moran Rock Bottom
65%
2024 Olly Alexander Dizzy
59%
1988 Scott Fitzgerald Go
59%
1995 Love City Groove Love City Groove
59%
1982 Bardo One Step Further
59%
1973 Cliff Richard Power To All Our Friends
59%
1976 Brotherhood of Man Save Your Kisses for Me
59%
2018 SuRie Storm
59%
1998 Imaani Where Are You?
59%
1970 Mary Hopkin Knock, Knock Who's There
53%
1974 Olivia Newton-John Long Live Love
53%
1984 Belle and the Devotions Love Games
53%
2006 Daz Sampson Teenage Life
53%
2005 Javine Hylton Touch My Fire
53%
1957 Patricia Bredin All
47%
2013 Bonnie Tyler Believe in Me
47%
2002 Jessica Garlick Come Back
47%
2003 Jemini Cry Baby
47%
2000 Nicki French Don't Play That Song Again
47%
2007 Scooch Flying the Flag (For You)
47%
2009 Jade Ewen It's My Time
47%
1971 Clodagh Rogers Jack in the Box
47%
1994 Frances Ruffelle Lonely Symphony (We Will Be Free)
47%
1992 Michael Ball One Step Out of Time
47%
1999 Precious Say It Again
47%
1959 Pearl Carr & Teddy Johnson Sing, Little Birdie
47%
1991 Samantha Janus A Message to Your Heart
41%
1961 The Allisons Are You Sure?
41%
1972 The New Seekers Beg, Steal or Borrow
41%
2019 Michael Rice Bigger than Us
41%
2008 Andy Abraham Even If
41%
1965 Kathy Kirby I Belong
41%
1975 The Shadows Let Me Be the One
41%
1980 Prima Donna Love Enough for Two
41%
2012 Engelbert Humperdinck Love Will Set You Free
41%
1979 Black Lace Mary Ann
41%
2020 James Newman My Last Breath
41%
2017 Lucie Jones Never Give Up on You
41%
2001 Lindsay No Dream Impossible
41%
2015 Electro Velvet Still in Love with You
41%
2010 Josh Dubovie That Sounds Good to Me
41%
1966 Kenneth McKellar A Man Without Love
35%
1964 Matt Monro I Love the Little Things
35%
1960 Bryan Johnson Looking High, High, High
35%
1985 Vikki Love Is
35%
1963 Ronnie Carroll Say Wonderful Things
35%
1978 Co-co The Bad Old Days
35%
1989 Live Report Why Do I Always Get It Wrong?
35%
2016 Joe and Jake You're Not Alone
35%
2004 James Fox Hold Onto Our Love
29%
1986 Ryder Runner in the Night
29%
1990 Emma Give a Little Love Back to the World
24%
1983 Sweet Dreams I'm Never Giving Up
24%
1962 Ronnie Carroll Ring-A-Ding Girl
24%
1987 Rikki Only the Light
18%
No matching quizzes found
Score Distribution
Percent of People with Each Score
Percentile by Number Answered
Your Score History
You have not taken this quiz since the last reset